Bài giảng hải dương học đại cương

Nội dung giới thiệu những kiến thức cơ bản về khoa học hải dương, về vị trí địa lý, cấu tạo địa chất, chế độ khí tượng, thủy văn của biển.

Bewaard in:
Bibliografische gegevens
Hoofdauteur: Hà, Phước Hùng
Formaat: Boek
Taal:Undetermined
Gepubliceerd in: Cần Thơ Trường Đại học Cần Thơ 2005
Onderwerpen:
Tags: Voeg label toe
Geen labels, Wees de eerste die dit record labelt!
Thư viện lưu trữ: Trung tâm Học liệu Trường Đại học Cần Thơ
LEADER 00785nam a2200193Ia 4500
001 CTU_160885
008 210402s9999 xx 000 0 und d
082 |a 551.46 
082 |b H513 
100 |a Hà, Phước Hùng 
245 0 |a Bài giảng hải dương học đại cương 
245 0 |c Hà Phước Hùng 
260 |a Cần Thơ 
260 |b Trường Đại học Cần Thơ 
260 |c 2005 
520 |a Nội dung giới thiệu những kiến thức cơ bản về khoa học hải dương, về vị trí địa lý, cấu tạo địa chất, chế độ khí tượng, thủy văn của biển. 
650 |a Oceanography 
904 |i Giang 
980 |a Trung tâm Học liệu Trường Đại học Cần Thơ